000
00324nam a22001217a 4500
008
260429b |||||||| |||| 00| 0 eng d
020
_a
978-9358705010
100
_a
Agarwal R S
245
_a
Quantitative Aptitude (Revised Edition 2025)
260
_a
New Delhi
_b
S Chand and Company Ltd
_c
2025
300
_a
809p
942
_2
ddc
999
_c
1341
_d
1341